[Event "Moscow Aeroflot op-A"]
[Site "Moscow"]
[Date "2006.02.13"]
[Round "6"]
[White "Sorokin, Maxim"]
[Black "Kazhgaleyev, Murtas"]
[Result "0-1"]
[WhiteElo "2560"]
[BlackElo "2607"]
[Annotator "Roiz,M"]
[PlyCount "56"]
[EventDate "2006.02.08"]
[EventType "swiss"]
[EventRounds "9"]
[EventCountry "RUS"]
[SourceTitle "CBM 112"]
[Source "ChessBase"]
[SourceDate "2006.06.07"]
[SourceVersion "1"]
[SourceVersionDate "2006.06.07"]
[SourceQuality "1"]

1. e4 e5 2. Nf3 Nc6 3. Bb5 a6 4. Ba4 Nf6 5. O-O b5 6. Bb3 Bc5 7. a4 Rb8 8. axb5
axb5 {This system has gained a lot of popularity in the last years.} 9. d3 {
A quiet move which doesn't pretend on a serious advantage.} ({The critical
line should be:} 9. c3 d6 ({or} 9... O-O $5 10. d4 Bb6) 10. d4 Bb6 11. Na3)
9... d6 10. Be3 {A typical idea - the exchange on e3 is usually in White's
favour.} O-O 11. Nbd2 Bb6 $146 {The move looks a bit passive, but it allows
him to regroup the pieces without worrying too much about the possible
exchange on c5.} ({The alternatives are:} 11... Bxe3 12. fxe3 Be6 13. Bxe6 fxe6
14. Nb3 {1/2-1/2 Vallejo Pons,F-Grischuk,A/Mainz 2003/CBM 095 ext}) ({and} 
11... h6 12. Qe2 Nd7 13. c3 Qf6 14. g3 Ne7 15. Nh4 b4 16. Bc4 bxc3 17. bxc3 Bb7
$11 {1/2-1/2 Milos,G-Shirov,A/Groningen 1997/CBM 063 (37)}) 12. c3 Ne7 {
A typical manoevre - the knight is going to g6, there it will free a way for
the Pc7.} 13. Nh4 $6 {I don't like this move - the knight hasn't many
perspectives here.} ({In my opinion White would have some chances of getting
an advantage after:} 13. d4 $142 Ng6 14. Qe2 {since Black's queen-side is
somewhat compromised.}) 13... Bg4 14. Qe1 Nh5 $1 {Preventing White from
pushing f2-f4 and preparing an advancement of Pf7.} (14... b4 $6 15. f4 bxc3
16. bxc3 exf4 17. Rxf4 $14) 15. h3 Bd7 16. Ndf3 {This looks a bit strange, as
the Nh4 is obviously misplaced now.} ({Another possibility was:} 16. d4 exd4
17. cxd4 c5 18. Nhf3 Ng6 $132 {with complicated play.}) 16... Kh8 17. g4 {
White is trying to force the matters even at cost of a weakening move.} ({
Black's position should be not worse also after:} 17. d4 exd4 18. cxd4 c5 19.
Bc2 Nc6 $132) 17... Ng6 $5 (17... Nf6 18. Ng5 Qe8 $132) 18. Bg5 $2 {[%mdl 8192]
The move is connected with a tactical blunder.} ({Wrong would be also:} 18.
Nxg6+ $2 fxg6 19. Ng5 Nf4 20. Nf7+ Rxf7 21. Bxf7 Qh4 $19 {with a decisive
attack}) ({But after the correct} 18. Ng2 $1 Nhf4 (18... Nf6 19. Ng5 ({
possible is also} 19. Qd2 {with an equal play}) 19... Kg8 20. f4 $132) 19. Nxf4
Nxf4 20. Bxf4 exf4 21. Qd2 Qf6 22. d4 $132 {[%csl Rb6] white shouldn't be
worse due to the ugly position of the Bb6.}) 18... Nxh4 19. Bxh4 Qe8 $1 {
This piece sacrifice was probably underestimated by Maxim. Now Black's attack
is very strong.} 20. gxh5 ({Hardly better would be:} 20. d4 Nf4 21. Kh2 h5 $17)
20... f5 21. exf5 $2 {The decisive mistake which allows Black to develop his
attack.} ({Necessary was:} 21. Kh2 fxe4 (21... Qxh5 22. Bd1 fxe4 23. Qxe4 Rf4
24. Ra8 Qe8 25. Rxb8 Qxb8 26. Qd5 Qe8 27. Ng5 Bc6 (27... c6 28. Qa2 Rxh4 29.
Nf7+ Kg8 30. Nh6+ Kh8 $11 (30... Kf8 $2 31. Qg8+ Ke7 32. Qxg7+ Kd8 33. Qf6+ Qe7
34. Nf7+ $16)) 28. Qb3 h6 29. Bg3 hxg5 30. Bxf4 gxf4 31. Bg4 $132) 22. Ng5 exd3
$1 (22... Qxh5 23. Qxe4 Bf5 24. Bd1 Qg6 25. Qg2 Bxd3 26. Rg1 $132) 23. h6 gxh6
24. Ne4 Qg6 $40 {and White is still in the game, although Black's initiative
is very dangerous.}) 21... Qxh5 22. Bd1 ({Hopeless was:} 22. Qd1 Bxf5 23. Kh2
e4 24. dxe4 Bxe4 25. Ng5 Qxh4 26. Nxe4 Qxe4 $19 {and White is a pawn down,
while the Kh2 is extremely weak.}) 22... Bc6 $1 23. Nxe5 ({Nothing changed:} 
23. d4 Bxf3 24. Bxf3 Qxf3 25. Qe3 Qxf5 $19) 23... Qxh4 24. Nxc6 Qg3+ 25. Kh1
Qxh3+ 26. Kg1 Rxf5 {Now Black has too many threats. The game is over.} 27. Qe7
Qg3+ 28. Kh1 Bxf2 0-1

[Event "GER-ch 77th"]
[Site "Osterburg"]
[Date "2006.02.11"]
[Round "9"]
[White "Luther, Thomas"]
[Black "Graf, Alexander"]
[Result "1-0"]
[WhiteElo "2569"]
[BlackElo "2604"]
[Annotator "Roiz,M"]
[PlyCount "45"]
[EventDate "2006.02.03"]
[EventType "swiss"]
[EventRounds "9"]
[EventCountry "GER"]
[SourceTitle "CBM 112"]
[Source "ChessBase"]
[SourceDate "2006.06.07"]
[SourceVersion "1"]
[SourceVersionDate "2006.06.07"]
[SourceQuality "1"]

1. e4 e5 2. Nf3 Nc6 3. Bb5 a6 4. Ba4 Nf6 5. O-O b5 6. Bb3 Bb7 {The
'Arkhangelsk' variation - the favourite weapon of Beliavsky and Mikhalchishin.}
7. c3 {The most principal continuation - White is going to occupy the centre
as soon as possible.} (7. Re1) ({and} 7. d3 {are also possible.}) 7... Nxe4 8.
d4 ({It is well known, that after} 8. Re1 Nc5 9. Nxe5 Nxe5 10. Rxe5+ Ne6 11. d4
Bd6 {Black doesn't face any problems.}) 8... Na5 9. Bc2 exd4 10. b4 {This
aggressive move is also very tempting, as it forces Black to sacrifice a piece.
} ({Other continuations here are:} 10. Bxe4) (10. Re1) ({and} 10. Nxd4) 10...
d5 $4 {I cannot understand the point of this move - Alexander has probably
forgotten the theory recommendation!} ({As Alexander Beliavsky and
Mikhalchishin proved along time ago, Black has sufficient compensation after:} 
10... Nc4 11. Bxe4 Bxe4 12. Re1 d5 13. Nxd4 c5 14. bxc5 Bxc5 15. f3 O-O $1 16.
fxe4 dxe4 17. Rxe4 Qd5 {The latest game hasn't changed the valuation of this
line:} 18. Rh4 Rad8 19. Nd2 Ne3 20. Qf3 Nf5 21. Qxd5 Rxd5 22. Rh5 g6 23. Rxf5
Rxf5 24. N2b3 Rc8 $11 {1/2-1/2 Goloshchapov,A-Malaniuk,V/Nova Gorica 2003/EXT
2004 (36)}) 11. bxa5 dxc3 12. Qe1 $1 {Now black cannot protect the Pc3, so his
position should be completely lost: 2 pawns are not enough for a whole piece
in the middlegame!} Qf6 {This move only adds problems, since White gets also a
development advantage.} (12... Bb4 13. Ng5 O-O 14. Nxe4 dxe4 15. Nxc3 $18) 13.
Bg5 Qe6 {This allows an ellegant combination, but I can hardly recommend
something better.} ({Hopeless would be also:} 13... Qc6 14. Be3 Bb4 15. Nd4 Qg6
16. f3 $18) 14. Nxc3 $1 Bb4 ({After} 14... Bd6 15. Rd1 O-O 16. Nxd5 Bxd5 17.
Rxd5 Qxd5 18. Bxe4 Qxa2 19. Bxa8 Rxa8 $18 {Black could provide more resistance,
but White's technical task is not that difficult as well.}) 15. Nxd5 $1 Qxd5
16. Qxb4 Nxg5 17. Rfe1+ Ne6 18. Be4 Qd6 19. Qxd6 cxd6 20. Bxb7 {The rest is
just agony, as now Black has only one pawn for a piece!} Ra7 21. Bc6+ Ke7 22.
Nd4 Kf6 23. Rad1 {A terrible opening disaster!} 1-0

[Event "USA-ch GpA"]
[Site "San Diego"]
[Date "2006.03.06"]
[Round "4"]
[White "De Firmian, Nick E"]
[Black "Onischuk, Alexander"]
[Result "1/2-1/2"]
[WhiteElo "2547"]
[BlackElo "2650"]
[Annotator "Roiz,M"]
[PlyCount "60"]
[EventDate "2006.03.02"]
[EventType "swiss"]
[EventRounds "9"]
[EventCountry "USA"]
[SourceTitle "CBM 112"]
[Source "ChessBase"]
[SourceDate "2006.06.07"]
[SourceVersion "1"]
[SourceVersionDate "2006.06.07"]
[SourceQuality "1"]

1. e4 e5 2. Nf3 Nc6 3. Bb5 a6 4. Ba4 Nf6 5. O-O Bc5 6. c3 b5 7. Bc2 d5 8. exd5
({More popular is:} 8. d4 dxe4 {where white should choose between: 9.dxe5, 9.
Nxe5, 9.dxc5 and 9.Nbd2.}) 8... Qxd5 9. d4 {In my opinion this move doesn't
cause Black any problems.} (9. a4 {which was Kramnik's choice against Leko
looks more promising.}) 9... exd4 10. Bb3 Qd6 {The best square for the queen -
here it controls the important central squares and it's not easy to disturb it.
} 11. Re1+ ({Nothing promises also:} 11. cxd4 Bxd4 (11... Nxd4 12. Nxd4 Bxd4
13. Qf3 Rb8 14. Re1+ Be6 15. Bf4 Qb6 $15) 12. a4 b4 13. Re1+ Be6 14. Ng5 O-O $4
(14... Ne5 15. Nxe6 fxe6 $17) 15. Nxe6 fxe6 16. Rxe6 $18 {1-0 Boros,D-Csorba,J/
Hungary 1995/EXT 99 (27)}) 11... Kf8 ({Ofcourse not} 11... Be6 $2 12. Ng5 $36)
12. Bg5 $146 {White is trying to take control of the important 'e4' square,
but it takes too much time.} ({White hasn't got a sufficient compensation for
a pawn after:} 12. cxd4 Nxd4 13. Nxd4 Qxd4 14. Qc2 Bd6 15. h3 (15. Be3 Qe5 16.
f4 Qf5 17. Qc6 Rb8 $15 {[%cal Gc8b7]}) 15... Bb7 16. Nd2 Qc5 17. Qd3 Rd8 $15 {
1/2-1/2 Garcia Carbo,M-Rada Equiza,M/Cala Mendia 2001/CBM 085 ext (34)}) 12...
Bf5 $1 {This natural developing move is quite the best.} ({Less convincing
would be:} 12... Bg4 13. Nbd2 dxc3 14. bxc3 Rd8 15. Qb1 Qd3 ({A natural} 15...
h6 $2 {fails to:} 16. Bxf6 Qxf6 17. Ne4 Qf4 18. Nxc5 Bxf3 {[%tqu "En","Please,
find the ellegant refutation of black's slow play","","","b1g6","",10]} 19. Qg6
$3 Rd6 20. Qg3 Qxg3 21. hxg3 Bg4 22. Nxa6 $16) 16. Qb2 $44) 13. cxd4 {Leads to
serious simplifications.} ({Deserved attention also:} 13. Qc1 $5 {but after} d3
14. Bf4 Qd7 15. Nbd2 Re8 {I can hardly believe that Black may face any
problems with such a strong Pd3.}) 13... Nxd4 {Now the threat of Qd1-f3 is not
too scary, so Black may keep his dark-squared bishop on the board.} ({There is
no reason for:} 13... Bxd4 $6 14. Nc3 Bxc3 15. bxc3 Qxd1 16. Raxd1 {[%csl Gb3,
Gg5] and only Black may be worse here.}) 14. Nxd4 Qxd4 15. Qf3 ({After} 15.
Bxf6 Qxd1 16. Rxd1 gxf6 17. Nc3 (17. Rd5 Re8 18. Nd2 Re5 $15) 17... Bd6 $15 {
black's position would be better due to his pair of bishops.}) 15... Be4 16.
Qf4 Bd5 $6 {The vulnerablity of Bd5 gives White an important tempo.} ({Black
could cause White some problems after:} 16... Bb7 $142 17. Qf5 (17. Nd2 Qxf4
18. Bxf4 Rd8 19. Rad1 Bd6 $17) 17... Bd6 18. Nc3 Qg4 19. Qxg4 Nxg4 20. h3 Ne5
$15 {since White has no sufficient compensation for the pawn here.}) 17. Nc3
Bxb3 18. axb3 {Now the 'a' file is open, so White puts an unpleasant pressure
on the Pa6.} h6 {This move is not that bad, but now Black is the side who has
to play accurately.} ({I would prefer:} 18... Qxf4 19. Bxf4 c6 20. Ne4 Nxe4 21.
Rxe4 $11 {[%cal Ga1c1]}) 19. Nxb5 ({Nothing changed:} 19. Qxd4 Bxd4 20. Bxf6
Bxf6 21. Nxb5 Bxb2 22. Nxc7 (22. Ra2 c5 23. Nd6) 22... Bxa1 23. Nxa8 Bc3 24.
Rc1 Ke7 25. Nc7 Rd8 26. Nxa6 Rd2 27. Nc5 Bd4 28. Re1+ Kf8 29. Ne4 Rb2 $11)
19... Qxf2+ ({Black correctly avoids:} 19... hxg5 $6 20. Qxd4 Bxd4 21. Nxd4 $14
{where White gains an advantage, since black's pieces are still not
coordinated.}) 20. Qxf2 Bxf2+ 21. Kxf2 hxg5 22. Nxc7 Rb8 $11 {Now a draw
becomes unavoidable - there are not many pawns on the board.} 23. Kg1 Rxb3 24.
Rxa6 Kg8 25. Ra5 ({After} 25. Re2 Kh7 26. Ra3 Rhb8 $11 {White would be unable
to advance his passed Pb2.}) 25... Rxb2 26. Rxg5 Rh5 27. Rxh5 Nxh5 28. Nd5 Nf6
29. Nxf6+ gxf6 30. h3 Kg7 1/2-1/2

[Event "Qatar Masters op"]
[Site "Doha"]
[Date "2014.11.27"]
[Round "2"]
[White "Vachier Lagrave, Maxime"]
[Black "Socko, Bartosz"]
[Result "1-0"]
[WhiteElo "2751"]
[BlackElo "2614"]
[Annotator "Sagar Shah"]
[PlyCount "105"]
[EventDate "2014.11.26"]
[EventType "swiss"]
[EventRounds "9"]
[EventCountry "QAT"]
[SourceTitle "CBM 164"]
[Source "ChessBase"]
[SourceDate "2015.01.15"]
[SourceVersion "1"]
[SourceVersionDate "2015.01.15"]
[SourceQuality "1"]
[WhiteClock "0:32:52"]
[BlackClock "0:11:24"]

1. e4 e5 2. Nf3 Nc6 3. Bb5 a6 4. Ba4 Nf6 5. O-O b5 (5... Be7 6. Re1 b5 7. Bb3
d6 {leads to the normal lines of the Ruy Lopez.}) 6. Bb3 Bb7 (6... Bc5 7. c3 d6
8. d4 Bb6 9. h3 O-O 10. Re1 h6 {In this line Black doesn't commit his B to b7.
Whereas in the game he does it on sixth move itself.}) 7. Re1 Bc5 8. c3 d6 9.
d4 Bb6 10. Be3 (10. Bg5 {was the most popular move but now Black has found
ways to equalise and this line has fallen out of fashion.} h6 11. Bh4 g5 12.
Bg3 O-O 13. dxe5 Nxe5 14. Nxe5 dxe5 $11) 10... O-O (10... Nxe4 {is of course
impossible because of} 11. d5 $18) 11. Nbd2 exd4 {is the most direct way to
play in the position.} (11... h6 {stopping Bg5 and preparing Re8 and also
threatening Ng4.} 12. h3 Re8 13. d5 (13. Bc2 $6 exd4 14. cxd4 Nb4 $1 $11) (13.
Qb1 {is an exotic way to keep the central tension intact but Black shouldn't
have problems after such a move.}) 13... Ne7 14. Bxb6 cxb6 15. a4 {White has
good results in this line but objectively Black shouldn't be too far away from
equality.}) (11... Ng4 {looks like a logical move but has never been played
because of} 12. Bg5 Qd7 13. h3 $16) 12. cxd4 Nb4 {This position was reached in
the game Karjakin-Caruana, Bilbao 2012 which ended in a win for Black. Prior
to the game it was assumed that Black has no problems in this position but now
MVL plays an idea that had been tried only by Smeets although unsuccessfully
against Boruchovsky.} 13. Ng5 $5 (13. Qe2 c5 14. a3 Nc6 15. d5 Ne7 16. h3 Re8
17. Bc2 Ng6 18. b3 Ba5 19. Rab1 Bc3 20. Rec1 b4 21. a4 a5 22. Bd3 h6 23. Qd1 $6
Ba6 $1 $17 {0-1 (36) Karjakin,S (2778)-Caruana,F (2773) Sao Paulo/Bilbao 2012})
(13. Qb1 {stopping Nd3 is logical.} c5 14. a3 Nc6 15. d5 Ne7 16. h3 Ng6 17. Bc2
{with a complex position.}) 13... Qe7 (13... Nd3 $2 14. Nxf7 Rxf7 15. Bxf7+
Kxf7 16. Qb3+ $18) (13... c5 14. e5 $1 {This leads to a lot of complications.}
Nfd5 15. dxc5 dxc5 (15... Nxe3 16. Qh5 h6 17. Nxf7 $18) 16. Qh5 h6 17. e6 $5
hxg5 18. Ne4 {Black is walking a narrow path between a draw and defeat. Not a
particularly pleasant feeling.} g6 19. Qh6 Qe7 20. exf7+ (20. Nxg5 $6 f6 21.
Qxg6+ Qg7 $15) 20... Qxf7 21. Nxc5 Nc2 $5 {These are now mind boggling
complications but they are tending towards equality.} 22. Nxb7 Bxe3 23. fxe3
Nxe1 24. Bxd5 Qxd5 25. Qxg6+ Kh8 26. Qh6+ $11 {Though a draw, I think Black
was the one who had to be accurate and there should be an improvement for
White somewhere which gives him the advantage.}) 14. Ndf3 h6 (14... Nxe4 15. d5
$1 $18 {wins on the spot for White.}) 15. a3 $5 (15. Nxf7 {was played in the
aforementioned Smeets-Boruchovsky game.} Rxf7 16. Bxf7+ Qxf7 17. a3 Nc6 18. d5
Ne7 (18... Bxe3 19. dxc6 Bxf2+ 20. Kxf2 Bxc6 21. Qc2 Bb7 {[%cal Ga8e8] might
be an improvement for Black.}) 19. Bxb6 cxb6 20. Rc1 $14 {[%csl Gc1,Gd1,Gd5,
Ge1,Ge4,Gf3] In spite of having two pieces for the rook, it is clear that
Black is worse here because White has much better co-ordination and the pawn
on d5 greatly hinders the b7-bishop.}) 15... hxg5 (15... Nc6 16. e5 $1 dxe5 17.
dxe5 hxg5 18. Bxg5 {transposes to the game.}) 16. Bxg5 (16. axb4 Qxe4 $15 {
is just better for Black.}) 16... Nc6 17. e5 dxe5 18. dxe5 Nxe5 (18... Qc5 19.
exf6 Qxf2+ 20. Kh1 $18) 19. Nxe5 {[%csl Gb3,Ge5,Gg5] White's pieces are very
active and Black has to be very careful.} Qc5 $5 (19... Rae8 {was also
possible and could well be better than the game continuation.} 20. Qd2 (20.
Nxf7 Qxe1+ 21. Qxe1 Rxe1+ 22. Rxe1 Bd5 $1 $19) 20... Qd8 21. Qxd8 Rxd8 22. Rad1
Bd4 23. Rd2 c5 {Black has a comfortable position.}) 20. Bh4 Ne4 $4 {A bad move
by Socko which gives White an instant win. It is surprising that MVL missed
the combination starting with 21.Qh5.} 21. Nxf7 $2 {This gives a chance for
Black to be back in the game with accurate defence.} (21. Qh5 $3 {There is
absolutely no good way to defend f7.} Nxf2 (21... Bd5 22. Ng6 $1 $18) (21...
Nd6 22. Rac1 Nc4 23. Bc2 f5 (23... g6 24. Bxg6 fxg6 25. Qxg6+ Kh8 26. Bf6+ Rxf6
27. Qxf6+ Kh7 28. Qg6+ Kh8 29. Nf7#) 24. Ng6 Rfe8 25. Re7 Rxe7 26. Nxe7+ Kf8
27. Bxf5 $18) 22. Bxf7+ Rxf7 23. Qxf7+ Kh8 24. Bxf2 $18) 21... Rxf7 22. Qf3 (
22. Bxf7+ Kxf7 23. Qf3+ Kg8 24. Rxe4 Rf8 25. Qd3 Bxe4 26. Qxe4 Qd4 {is similar
to the game.}) 22... Bd5 $6 (22... Raf8 $1 {was the best.} 23. Rxe4 Bd5 $1 (
23... Bxe4 24. Bxf7+ Rxf7 25. Qxe4 Qd4 $14) 24. Qd3 (24. Bxd5 Qxd5 $15 {
Suddenly it's Black who will start to wrest the initiative.}) 24... Bxb3 25.
Qxb3 Qf5 26. Qc2 (26. Re2 Qg4 $19) 26... Bxf2+ 27. Bxf2 Qxf2+ 28. Qxf2 Rxf2 $11
) 23. Bxd5 Qxd5 24. Qxe4 Qxe4 25. Rxe4 $14 {White is a pawn up and to convert
this position requires precision. Something which you can be confident about
with MVL.} Raf8 26. Re2 Rd7 27. Kf1 Rf4 28. Bg5 Rc4 29. g3 a5 30. Rc1 Rxc1+ 31.
Bxc1 a4 {Black fixes the pawns on the dark squares, trying to make his bishop
superior. MVL exchanges the bishops immediately on the next move. For many it
could be quite a controversial decision because rook endings are often known
for their drawish tendency. But one thing in White's favour is that he has a 3
vs 1 majority on the kingside and that will be help him to create connected
passers in the long run. MVL exploits this factor in an extremely precise
manner and wins the game. The way he conducts the game from this point onwards
is worth of close inspection.} 32. Be3 Bxe3 33. Rxe3 Rd1+ 34. Re1 (34. Kg2 Rd2
35. b3 {was also possible but it would help Black to create a passed pawn
quickly. Something that MVL avoids with his play.}) 34... Rd3 35. Rc1 Rb3 36.
Rxc7 (36. Rc2 c5 37. Ke2 b4 38. axb4 cxb4 {gives Black a lot of counterplay.})
36... Rxb2 37. Kg2 Kh7 (37... Rb3 38. Rb7 Rxa3 39. Rxb5 Rc3 40. Ra5 a3 41. h4 {
is similar to the game.}) (37... g5 {trying to clamp the white pawns is
impossible because of} 38. Rc5 g4 39. Rg5+ Kf7 40. Rxg4 Rb3 41. Rg5 $18) 38. h4
Kg6 39. Rc5 Kf6 40. h5 Rb3 41. g4 Rxa3 42. Rxb5 Rb3 (42... Ra1 {this was
another option to keep the rook in front of the pawn and not on the side as in
the game. But this loses trivially after} 43. g5+ Kf7 (43... Ke6 44. Rb7 a3 45.
Rxg7 a2 46. Ra7 $18) 44. Rb7+ Kf8 45. Ra7 a3 46. f4 a2 47. g6 Rb1 (47... Ke8
48. h6 gxh6 49. g7 $18) 48. Rxa2 Rb5 49. Ra8+ Ke7 50. h6 gxh6 51. g7 $18) 43.
Ra5 a3 44. f3 Rb2+ 45. Kg3 a2 {Black has a pawn already on the second rank but
there is no way forward now. The team of three white pawns, king and rook
combine perfectly to win the game.} 46. f4 Kf7 47. Ra6 Rc2 48. Kh4 Rc4 49. Kg5
Rc2 50. Ra7+ Kg8 51. h6 Rc7 52. Rxa2 gxh6+ 53. Kxh6 {Fine opening preparation
by MVL and also excellent endgame play. If there was something that Maxime
might regret after this game is the chance that he missed to end the game
immediately with the move 21.Qh5!} 1-0